000 01105cam a22003257a 4500
003 CHAP
005 20220329135518.0
008 971013d1966 mx a r 00010 spa d
010 _a37818
011 _a38790
035 _a42910
040 _cCHAP
090 _aFolleto 632
100 0 0 _aMilk, Richard G.
_975726
245 1 0 _aComentarios sobre pruebas sencillas de sorgo para grano en niveles altos de la región del norte de México
_c/por Richard G. Milk
260 _aDurango, Dgo. :
_b[s.e.],
_c1966.
300 _a23 p.
_b: ilus
490 0 _aTemas rurales contemporáneos
_v; 3
590 _aBATCH-UPD
_b10
_c20130110
_lUCH01
_h2126
590 _aBATCH-UPD
_b10
_c20130410
_lUCH01
_h1435
590 _aBATCH-UPD
_b10
_c20130914
_lUCH01
_h1819
590 _aCONVERSION
_b10
_c20130109
_lUCH01
_h1321
650 1 4 _aSorgo
_xDurango.
_9108651
650 1 4 _aSorgo
_zZacatecas.
_9108742
830 0 _aTemas rurales contemporáneos
_v; 3
_9112161
901 _aBK
942 _cFOLL
949 _aFolleto 632
_bBC
_cFOLL
_d-98605
_eTS1
_i42910
_si
949 _aFolleto 632
_bBC
_cFOLL
_d429102
_eTS1
_fc.2
_i42910
_sb
999 _c37818
_d37818